Development strategies in the audiovisual industries: The case of North East England.

Stratégie rozvoja miestnych a regionálnych médií vo V. Británii. Vývoj politiky, ktorá sa formovala v dôsledku zmien ekonomického a regulačného prostredia. Posun od hromadnej výroby k špecializácii. Stratégia rozvoja médií ako reakcia na zvýšenú komercionalizáciu, koncentráciu a internacionalizáciu...

Description complète

Enregistré dans:
Détails bibliographiques
Auteur principal: Cornford, J.
Autres auteurs: Robins, K.
Format: Chapitre de livre
Langue:anglais
Sujets:
Tags: Ajouter un tag
Pas de tags, Soyez le premier à ajouter un tag!

MARC

LEADER 00000naa a2200000 4500
001 r011775
005 20221213085213.9
041 0 |a eng 
044 |a GB 
245 1 0 |a Development strategies in the audiovisual industries: The case of North East England.  |c J. Cornford, K. Robins 
520 |a Stratégie rozvoja miestnych a regionálnych médií vo V. Británii. Vývoj politiky, ktorá sa formovala v dôsledku zmien ekonomického a regulačného prostredia. Posun od hromadnej výroby k špecializácii. Stratégia rozvoja médií ako reakcia na zvýšenú komercionalizáciu, koncentráciu a internacionalizáciu médií. 
610 2 0 |a prostriedky audiovizuálne 
610 2 0 |a rozvoj technický výroby 
610 2 0 |a stratégia podniková 
610 2 0 |a Veľká Británia 
610 2 0 |a regióny 
610 2 0 |a politika podniková 
100 1 |a Cornford, J. 
700 1 |a Robins, K.